<?xml version="1.0" encoding="UTF-8"?>
<record
    xmlns:xsi="http://www.w3.org/2001/XMLSchema-instance"
    xsi:schemaLocation="http://www.loc.gov/MARC21/slim http://www.loc.gov/standards/marcxml/schema/MARC21slim.xsd"
    xmlns="http://www.loc.gov/MARC21/slim">

  <leader>00748nam a2200241   4500</leader>
  <controlfield tag="003">OSt</controlfield>
  <controlfield tag="005">20260601193844.0</controlfield>
  <controlfield tag="008">260417b1971    ag  |||| |||| 00| 0 spa d</controlfield>
  <datafield tag="040" ind1=" " ind2=" ">
    <subfield code="a">ICI</subfield>
    <subfield code="b">spa</subfield>
    <subfield code="c">ICI</subfield>
  </datafield>
  <datafield tag="050" ind1=" " ind2=" ">
    <subfield code="a">HD69.P7 </subfield>
    <subfield code="b"> G66 1975</subfield>
  </datafield>
  <datafield tag="100" ind1=" " ind2=" ">
    <subfield code="a">Goslin, Lewis N</subfield>
    <subfield code="9">31106</subfield>
  </datafield>
  <datafield tag="245" ind1=" " ind2="1">
    <subfield code="a">El Sistema de Dise&#xF1;o de Productos</subfield>
    <subfield code="c">Lewis n. goslin ; traduccion de Juan j. Thomas</subfield>
  </datafield>
  <datafield tag="250" ind1=" " ind2=" ">
    <subfield code="a">2</subfield>
  </datafield>
  <datafield tag="264" ind1=" " ind2=" ">
    <subfield code="b">Ed. El Ateneo Buenos Aires</subfield>
    <subfield code="c">1971</subfield>
    <subfield code="a">Buenos Aires ; M&#xE9;xico</subfield>
  </datafield>
  <datafield tag="300" ind1=" " ind2=" ">
    <subfield code="a">182 p&#xE1;ginas</subfield>
  </datafield>
  <datafield tag="336" ind1=" " ind2=" ">
    <subfield code="a">texto</subfield>
    <subfield code="2">rdacontent</subfield>
  </datafield>
  <datafield tag="337" ind1=" " ind2=" ">
    <subfield code="a">sin medio</subfield>
    <subfield code="2">rdamedia</subfield>
  </datafield>
  <datafield tag="338" ind1=" " ind2=" ">
    <subfield code="a">volumen</subfield>
    <subfield code="2">rdacarrier</subfield>
  </datafield>
  <datafield tag="650" ind1=" " ind2=" ">
    <subfield code="a">Productos</subfield>
    <subfield code="9">31107</subfield>
  </datafield>
  <datafield tag="650" ind1=" " ind2=" ">
    <subfield code="a">An&#xE1;lisis de ruta cr&#xED;tica</subfield>
    <subfield code="9">31108</subfield>
  </datafield>
  <datafield tag="650" ind1=" " ind2=" ">
    <subfield code="a">An&#xE1;lisis de redes (Planificaci&#xF3;n)</subfield>
    <subfield code="9">31109</subfield>
  </datafield>
  <datafield tag="942" ind1=" " ind2=" ">
    <subfield code="2">ddc</subfield>
    <subfield code="c">B</subfield>
  </datafield>
  <datafield tag="999" ind1=" " ind2=" ">
    <subfield code="c">21544</subfield>
    <subfield code="d">21544</subfield>
  </datafield>
  <datafield tag="952" ind1=" " ind2=" ">
    <subfield code="0">0</subfield>
    <subfield code="1">0</subfield>
    <subfield code="2">lcc</subfield>
    <subfield code="4">0</subfield>
    <subfield code="7">0</subfield>
    <subfield code="a">BDIMFM</subfield>
    <subfield code="b">BDIMFM</subfield>
    <subfield code="d">2026-04-18</subfield>
    <subfield code="l">0</subfield>
    <subfield code="o">HD69.P7 G66 1975</subfield>
    <subfield code="p">BDIMFM000055</subfield>
    <subfield code="r">2026-04-18 17:40:18</subfield>
    <subfield code="t">Ej. 1</subfield>
    <subfield code="w">2026-04-18</subfield>
    <subfield code="y">B</subfield>
  </datafield>
</record>
